01820nam0a2200289 4500001001800000005001700018021001700035035002600052100004100078101001300119102000700132105001800139200032500157210006300482215001600545300016600561320003800727454019100765606016800956686001601124686001701140702012501157711017801282801002801460801002201488852002001510RU\NLR\bibl\4622720260407044022.0 aRUb98-42610 a(NLR Aleph) 000045082 a19990907d1998 |||y0rusy50 ca1 arusceng aRU ay |||||||||1 aНачинайте действовать, чтобы остановить диоксиновое загрязнениеeСтратегия, рекоменд. III гражд. конф. по диоксинамf[Науч. ред.-д.х.н. Б.А. РуденкоgПер. с англ. - к.б.н. Е.Ю. Марков] aИркутскcБайкал. Экол. Волнаd1998 a184 с.d20 aЗагл. ориг.: Taking action to stop dioxin exposure: Strategy recommendations from the 3rd Citizens' conf. on dioxin a. other synthetic hormone disruptors aБиблиогр.: с.10, 168-169 012001#$aTaking action to stop dioxin exposure$eStrategy recommendations from the 3rd Citizens' conf. on dioxin a. other synthetic hormone disruptorstTaking action to stop dioxin exposure0 aОкружающая средаxЗагрязнение диоксинамиxСанитарно-просветительная работа3RU\NLR\auth\661275192 aР121.102.6 aР11(2)592.1 143408rus7caaРуденкоbБ. А.cд-р хим. наукf1932-gБорис Антонович3RU\NLR\auth\7737390124070a"Время действовать", гражданская конференция по диоксинамd3f1996eБатон Руж, США3RU\NLR\AUTH\8810016553 0aRUbNLRc19990907gPSBO 1aRUbNLRc19990907 aNLRj99-3/10135